01163nam a22003017a 4500003000400000005001700004008004100021040002200062082001800084100002500102245003000127260006000157300002100217366000800238490002700246505001200273505005700285505013000342505001200472650005500484650004700539650004800586650004300634650004500677650005600722650004700778700003600825OSt20230616132608.0221006b |||||||| |||| 00| 0 eng d cBiblioteca Lado V a709.05bG851a aGriffin, Timeeditor aArtforum/bInternacional/ aNew Yorkc2004bNew York editorial and business offices c26.5x27cma222p. espa aMarzov2004x0864-1315 tLetters tCOLUMNSaPassages Books Film Sound News Top Ten tFEATURESgHistorical Fiction 1000 Words Inside the Light Cube In Conversation Rules of Engagement Wall to wall Openings tReviews 2Tesauro de Arte & ArquitecturaaARTE COMTEMPORANEO 2Tesauro de Arte & ArquitecturaaFOTOGRAFIA 2Tesauro de Arte & ArquitecturaaARTE VISUAL 2Tesauro de Arte & ArquitecturaaLIBROS 2Tesauro de Arte & ArquitecturaaNOTICIAS 2 Tesauro de Arte & ArquitecturaaARTE INTERNACIONAL 2 Tesauro de Arte & ArquitecturaaESCULTURA aNavarreta, Jose Antonioeeditor